000 00761nam a22002417a 4500
005 20241202164057.0
010 _aENG-142760 EN-142759
020 _c75.00
_a9789350693781
020 _c105.00
_a9789350693988
035 _aEN-126292
035 _aEN-126291
037 _bDBAD
082 _a230.51
100 _aSri Sathya Sai Sadhana Trust
_974538
245 _aSathya Sai Speaks/
_cby Sri Sathya Sai Sadhana Trust
250 _a1
260 _aAndhra Pradesh
_bSri Sathya sai Sadhana Trust
_c2019
270 _bPrasanthi Nilayam
_aAnantapur Distric
_e515134
_morders@sssbpt.org
_k011-287375
_l287236
300 _a146p.
_c22cm(pb)
300 _a214p.
_c22cm(pb)
490 _aPart 1, Part 2
_vVol 14
942 _2ddc
_cEN
_h230.51
_mSAT
999 _c207327
_d207327